[Event "36th Zalakaros Festival 2017"]
[Site "Zalakaros"]
[Date "2017.05.23"]
[Round "6"]
[White "Danin, Alexandre"]
[Black "Mikhalevski, Victor"]
[Result "1/2-1/2"]
[WhiteElo "2543"]
[BlackElo "2520"]
[Annotator "TA"]
[PlyCount "43"]
[EventDate "2017.??.??"]
[EventType "swiss"]
[EventCountry "HUN"]
[SourceTitle "playchess.com"]
[Source "ChessBase"]
[SourceQuality "1"]

{[%evp 20,43,0,-8,-16,-4,11,10,8,21,20,7,5,3,3,3,3,1,31,32,33,25,22,8,45,0]} 1. e4 e5 2. Nf3 Nc6 3. d4 exd4 4. Nxd4 Nf6 5. Nxc6 bxc6 6. e5 Qe7 7. Qe2 Nd5 8. c4 Ba6 9. Nd2 O-O-O 10. b3 f6 11. Bb2 (11. Qe4 $5 {[%cal Rc4d5]} Nb6 12. Bb2 $14) 11... fxe5 {C45: Scotch Game} 12. O-O-O (12. Bxe5 $2 Re8 $19) 12... Nf6 13. Qxe5 Qxe5 {The position is equal.} 14. Bxe5 Ng4 15. Bd4 c5 16. h3 cxd4 17. hxg4 Bb7 18. f3 h6 19. Bd3 Bb4 $146 20. Bg6 d5 21. cxd5 Bxd5 22. Be4 1/2-1/2

[Event "36th Zalakaros Festival 2017"]
[Site "Zalakaros"]
[Date "2017.05.23"]
[Round "6"]
[White "Shyam, Sundar M"]
[Black "Puranik, Abhimanyu"]
[Result "1-0"]
[WhiteElo "2535"]
[BlackElo "2459"]
[Annotator "TA"]
[PlyCount "97"]
[EventDate "2017.??.??"]
[EventType "swiss"]
[EventCountry "HUN"]
[SourceTitle "playchess.com"]
[Source "ChessBase"]
[SourceQuality "1"]

{[%evp 13,97,24,25,0,14,5,14,6,23,10,20,14,26,17,38,27,20,36,21,33,24,13,47,0,7,0,5,7,22,15,37,37,39,12,27,19,18,17,41,22,36,3,71,55,54,65,71,57,128,129,154,157,217,220,201,206,220,202,210,208,236,206,268,263,251,234,344,341,366,350,340,318,552,549,493,412,552,537,673,669,643,630,582,551,1318,1271]} 1. e4 e5 2. Nf3 Nc6 3. Bc4 Bc5 4. O-O Nf6 5. d3 d6 6. c3 a6 7. a4 h6 8. Na3 {C54: Giuoco Piano: 4 c3 Nf6, main lines with 5 d4 and 5 d3} (8. b4 $5 {[%cal Rb4c5]} Ba7 9. Bb2 $14) (8. Re1 O-O 9. b4 Ba7 10. Nbd2 Ne7 11. d4 Ng6 12. h3 exd4 13. cxd4 d5 14. exd5 Nxd5 15. b5 axb5 16. axb5 {0-1 (38) Fressinet,L (2676)-Inarkiev,E (2732) Germany 2017}) 8... O-O 9. Re1 (9. b4 $5 {[%cal Rb4c5]} Bb6 10. h3 $11) 9... Ba7 10. Nc2 {The position is equal.} Ne7 {[%cal Bc6e7,Be7g6,Bg6f4][%mdl 32]} 11. Be3 Bxe3 12. Nxe3 Ng6 13. a5 Nf4 $146 ({Predecessor:} 13... c6 14. Bb3 b5 {0-1 (58) Horvath,A (2478)-Kakabayaev,M (2283) Budapest 2017}) 14. d4 Nxe4 15. dxe5 dxe5 16. Qxd8 Rxd8 17. Nxe5 Be6 18. Rad1 (18. g3 $5 {[%cal Rg3f4]} Bxc4 19. N3xc4 Nh3+ 20. Kg2 Nhxf2 21. Re2 $11) 18... Bxc4 19. N3xc4 Rxd1 (19... Nc5 {looks sharper.} 20. g3 Nfe6 21. Ne3 Nb3 22. N5c4 Rxd1 23. Rxd1 Rd8) 20. Rxd1 f6 21. Ng4 Re8 22. Nge3 h5 23. h4 Kf8 24. Kf1 Ne6 25. Ke2 g5 26. g3 {[%cal Bg2g3,Bg3h4][%mdl 32]} (26. Kf3 $5 {[%cal Rf3e4]} N6c5 27. g3 $14) 26... Kf7 27. Rd7+ (27. Kf3 $5 {[%cal Rf3e4]} N6c5 28. Rd4 $14) 27... Re7 (27... Kg6 $11) 28. Rxe7+ $16 Kxe7 {[%mdl 4096] Endgame KNN-KNN} 29. Nd5+ Kf7 {[#]} 30. Ke3 $1 {[%cal Re3e4]} gxh4 (30... Nd6 $14 31. Nxd6+ cxd6) 31. gxh4 ({But not} 31. Kxe4 $2 h3 $19) 31... f5 32. f3 Nf6 (32... N4c5 $16) 33. Ne5+ $18 Kg7 34. Nf4 Nd8 35. b4 Kf8 36. Nfg6+ Kg7 37. Ne7 Ne8 {White should prevent ...Kf6.} 38. Nxf5+ Kf6 39. Ke4 Ne6 (39... Ke6 $142 40. Nd4+ Kf6 41. Nd7+ Kg6 42. Ne5+ Kf6 43. Nd7+ Ke7) 40. Nd7+ Kg6 41. c4 {[%cal Bc3c4,Bc4c5][%mdl 32]} Kf7 42. f4 {[%cal Bf3f4,Bf4f5][%mdl 32]} Kg6 $2 {[#]} (42... Nd8 43. Ne5+ Ke6) 43. c5 Kf7 44. Ne5+ Kf6 45. Ng3 {White is clearly winning.} N6g7 46. f5 Ke7 47. Kf4 Nf6 48. Kg5 Nd5 49. Kg6 {Precision: White = 69%, Black = 41%.} 1-0

[Event "36th Zalakaros Festival 2017"]
[Site "Zalakaros"]
[Date "2017.05.23"]
[Round "6"]
[White "Horvath, Jozsef"]
[Black "Banusz, Tamas"]
[Result "1/2-1/2"]
[WhiteElo "2526"]
[BlackElo "2616"]
[Annotator "TA"]
[PlyCount "35"]
[EventDate "2017.??.??"]
[EventType "swiss"]
[EventCountry "HUN"]
[SourceTitle "playchess.com"]
[Source "ChessBase"]
[SourceQuality "1"]

{[%evp 17,19,47,45,39]} 1. d4 d5 2. c4 c6 3. cxd5 cxd5 4. Bf4 Nf6 5. Nc3 Nc6 6. e3 Bf5 7. Nf3 e6 8. Qb3 Qb6 9. Qxb6 axb6 10. Rc1 {D14: Slav Defence: Exchange variation with ...Bf5} {Predecessor:} Bb4 $146 11. a3 Bxc3+ 12. Rxc3 Rc8 13. Be2 Ne4 14. Rc1 Ke7 15. O-O Na5 16. Rc7+ Rxc7 17. Bxc7 Rc8 18. Bxb6 {½-½ (40) Bajarani,U (2546)-Jakovenko,D (2748) Skopje 2015} 1/2-1/2

[Event "36th Zalakaros Festival 2017"]
[Site "Zalakaros"]
[Date "2017.05.23"]
[Round "6"]
[White "Antal, Gergely"]
[Black "Markus, Robert"]
[Result "1/2-1/2"]
[WhiteElo "2517"]
[BlackElo "2673"]
[Annotator "TA"]
[PlyCount "34"]
[EventDate "2017.??.??"]
[EventType "swiss"]
[EventCountry "HUN"]
[SourceTitle "playchess.com"]
[Source "ChessBase"]
[SourceQuality "1"]

{[%evp 17,31,27,35,22,33,16,19,19,29,45,38,12,12,10,23,23]} 1. e4 d6 2. d4 Nf6 3. Nc3 e5 4. dxe5 dxe5 5. Qxd8+ Kxd8 6. Bg5 Be6 7. O-O-O+ Nbd7 8. f4 exf4 9. Nf3 Kc8 10. Bxf4 {B07: Pirc Defence: Miscellaneous Systems} Bc5 (10... Bb4 11. Nd5 Bd6 12. Bxd6 cxd6 13. Nc3 Nc5 14. Rxd6 Ncxe4 15. Nxe4 Nxe4 {½-½ (83) Sutovsky,E (2676)-Berkes,F (2663) Kragujevac 2009}) 11. e5 Ng4 12. Ne4 {[#] And now Rxd7! would win.The position is equal.} Be3+ 13. Bxe3 Nxe3 14. Re1 Nxf1 15. Rhxf1 Kd8 16. Nd4 {Predecessor:} Ke7 $146 17. b3 Raf8 {1-0 (58) Kravtsiv,M (2527)-Voloshin,L (2437) Pardubice 2009} 1/2-1/2

[Event "36th Zalakaros Festival 2017"]
[Site "Zalakaros"]
[Date "2017.05.23"]
[Round "6"]
[White "Kollars, Dmitrij"]
[Black "Sanal, Vahap"]
[Result "1/2-1/2"]
[WhiteElo "2503"]
[BlackElo "2533"]
[Annotator "TA"]
[PlyCount "83"]
[EventDate "2017.??.??"]
[EventType "swiss"]
[EventCountry "HUN"]
[SourceTitle "playchess.com"]
[Source "ChessBase"]
[SourceQuality "1"]

{[%evp 19,83,7,24,-3,-1,7,2,0,-7,-5,-16,-11,-13,-50,-32,-54,0,0,0,-17,-10,-70,-3,-19,0,0,0,0,32,29,39,16,27,19,197,195,187,181,190,90,92,27,130,15,19,21,24,22,25,23,23,6,7,5,13,0,0,0,0,0,0,0,0,0,0,0]} 1. e4 e5 2. Nf3 Nc6 3. Bb5 {[%cal Bf1b5,Bb5a4,Ba4b3,Bb3a2][%mdl 32]} a6 4. Ba4 Nf6 5. O-O Be7 6. d3 b5 7. Bb3 d6 8. a3 {C84: Closed Ruy Lopez: Unusual White 6th moves} Na5 9. Ba2 c5 10. Nc3 O-O {LiveBook: 29 Games} 11. Nd5 (11. b4 $5 {[%cal Rb4a5]} Nc6 12. Nd5 $11) 11... Nxd5 12. Bxd5 Bb7 13. b4 Bxd5 14. exd5 Nb7 {[%cal Ba5b7,Bb7c5,Bc5e4][%mdl 32] [#]} 15. Be3 $146 ({Predecessor:} 15. c3 Qc7 16. Re1 f5 17. Bg5 {½-½ (41) Anand,V (2780)-Adams,M (2725) Baden-Baden 2013}) 15... f5 16. bxc5 Nxc5 17. d4 exd4 (17... Ne4 $1 $15) 18. Nxd4 $11 Bf6 19. Rc1 Qd7 20. Qf3 {[#]} (20. Nc6 $11) 20... g6 (20... f4 $1 $15 {[%mdl 512]} 21. Qxf4 (21. Bxf4 Bxd4) 21... Be7) 21. Nc6 Ne4 22. c4 Rfe8 23. Rc2 Qg7 24. h3 Bc3 25. c5 dxc5 {[#]} 26. Bxc5 $1 {[%mdl 512]} a5 $2 (26... Nxc5 $11 {and Black is okay.} 27. Rxc3 Ne4) 27. d6 $1 $18 Bf6 28. Qb3+ Kh8 {[#]} 29. Qxb5 (29. Qd5 $1 $18 {and White stays clearly on top.}) 29... Qd7 $16 30. Nd4 ({Better is} 30. Rfc1 $16) 30... Rad8 {[#]} (30... Nxc5 $11 {keeps the balance.} 31. Qxc5 Be5) 31. Qxa5 (31. Bb6 $1 $16 {[%cal Rb6d8]} Nxd6 32. Qxa5) 31... Nxc5 $11 32. Qxc5 Qxd6 33. Qxd6 Rxd6 34. Nb5 Ra6 35. Rfc1 Ra5 {The position is equal.} 36. Nd6 Rf8 37. Rc7 Rxa3 38. Nf7+ Kg8 39. Nh6+ Kh8 {aiming for ...Bg5.} 40. Nf7+ Kg8 41. Nh6+ Kh8 {Hoping for ...Bg5.} 42. Nf7+ {Precision: White = 45%, Black = 53%.} 1/2-1/2

[Event "36th Zalakaros Festival 2017"]
[Site "Zalakaros"]
[Date "2017.05.23"]
[Round "6"]
[White "Studer, Noel"]
[Black "Banzea, Alexandru-Bogdan"]
[Result "1-0"]
[WhiteElo "2498"]
[BlackElo "2278"]
[Annotator "TA"]
[PlyCount "106"]
[EventDate "2017.??.??"]
[EventType "swiss"]
[EventCountry "HUN"]
[SourceTitle "playchess.com"]
[Source "ChessBase"]
[SourceQuality "1"]

{[%evp 16,106,-8,-7,12,14,35,4,11,4,43,23,41,41,39,29,43,43,58,41,60,37,35,32,41,0,0,-18,19,0,51,54,50,51,97,92,75,64,56,54,103,52,129,123,118,141,138,137,131,95,95,72,72,0,72,72,72,0,72,0,72,8,106,106,205,205,314,267,290,291,407,377,389,393,386,375,406,393,412,408,402,375,481,491,552,566,566,558,515,515,1592,1468,29992]} 1. c4 c5 2. Nc3 Nc6 3. g3 g6 4. Bg2 Bg7 5. Nf3 e5 6. d3 Nge7 7. O-O O-O 8. Bd2 d6 9. a3 h6 {A37: Symmetrical English vs ...g6: 4 Bg2 Bg7 5 Nf3} 10. Rb1 Be6 (10... a5 11. Ne1 Be6 12. Nc2 d5 13. cxd5 Nxd5 14. b4 cxb4 15. Nxd5 Bxd5 16. axb4 Bxg2 17. Kxg2 a4 18. b5 Nd4 19. Bb4 Re8 20. Ba3 {0-1 (62) Dizdar,G (2509)-Papp,G (2583) Austria 2017}) 11. Qc1 Kh7 {The position is equal.} 12. b4 cxb4 13. axb4 d5 14. cxd5 Nxd5 15. Ne4 Rc8 $146 ({Predecessor:} 15... Nd4 16. Nxd4 exd4 {1-0 (41) Scheipl,R (2272)-Hartmann,G Pang 1977}) 16. Nc5 Qe7 17. Nxe6 Qxe6 18. Qa3 Nd4 19. Nxd4 exd4 20. Qxa7 Nc3 21. Rb2 Nxe2+ 22. Kh1 Nc3 (22... b5 $11) 23. Qxb7 $14 Rb8 24. Qc6 Rb6 25. Qxe6 fxe6 26. Re1 Rfb8 27. h4 h5 28. Bf4 (28. Bg5 $16) 28... e5 (28... Rxb4 $14 29. Rxb4 (29. Bxb8 Rxb2 30. Bc7 e5 $14) 29... Rxb4) 29. Bxe5 $16 Bxe5 30. Rxe5 Rxb4 31. Rxb4 Rxb4 {[%mdl 4096] Endgame KRB-KRN} 32. Be4 {Hoping for Rxh5+.} Kg7 33. Re6 Kf7 34. Re5 ({Better is} 34. Rc6 $16 Nxe4 35. dxe4) 34... Kf6 (34... Kg7 $1 $11) 35. Re8 Kf7 36. Re5 (36. Rc8 $5 {[%cal Rc8c7]}) 36... Kf6 37. Re8 Kf7 $1 {[%cal Rf7e8]} 38. Bc6 ({White should play} 38. Rc8 $16) 38... Rb1+ (38... Rb2 $1 $11) 39. Kg2 Rd1 {[#]} (39... Rb2 $16 {was called for.}) 40. Ra8 $1 $18 Rxd3 (40... Kg7 $142 41. Be8 Rxd3 42. Ra7+ Kh6) 41. Be8+ Kf6 42. Ra6+ Ke7 43. Bxg6 Rd2 44. Ra7+ Ke6 45. Bf7+ Kd6 46. Bxh5 Ne4 47. Rf7 d3 48. Bg6 Nc5 49. h5 {[%cal Bh4h5,Bh5h6,Bh6h7][%mdl 32] White is clearly winning.} Re2 50. h6 {h7 is the strong threat.} d2 51. Bc2 Re6 52. h7 Rh6 {[#]} (52... Re8 $142 53. Rf6+ Ke7) 53. Rf6+ $1 {[%mdl 512]} Kd5 {Precision: White = 65%, Black = 36%.} (53... Rxf6 54. h8=Q) 1-0

[Event "36th Zalakaros Festival 2017"]
[Site "Zalakaros"]
[Date "2017.05.23"]
[Round "6"]
[White "Kantor, Gergely"]
[Black "Havasi, Gergo"]
[Result "1/2-1/2"]
[WhiteElo "2481"]
[BlackElo "2402"]
[Annotator "TA"]
[PlyCount "53"]
[EventDate "2017.??.??"]
[EventType "swiss"]
[EventCountry "HUN"]
[SourceTitle "playchess.com"]
[Source "ChessBase"]
[SourceQuality "1"]

{[%evp 9,53,0,-9,-6,12,12,1,0,25,0,0,-8,0,0,0,-12,27,44,25,39,90,87,81,62,100,89,87,77,71,68,91,59,62,66,66,66,58,59,66,65,72,66,66,74,82,66]} 1. d4 d5 2. c4 c6 3. e3 Bf5 4. Nc3 e6 5. g4 Bg6 $1 6. Nge2 {D10: Slav Defence: 3 cxd5 (without early Nf3) and 3 Nc3} h6 (6... Bd6 7. Qb3 Na6 8. Nf4 Rb8 9. cxd5 exd5 10. h4 Nf6 11. g5 Bxf4 12. gxf6 {1-0 (52) Kozul,Z (2617)-McShane,L (2687) Reykjavik 2015}) 7. Nf4 Bh7 8. h4 $146 {The position is equal.} ({Predecessor:} 8. Bg2 Nd7 9. cxd5 cxd5 10. e4 dxe4 11. Nxe4 Qa5+ 12. Bd2 {1-0 (26) Malaniuk,V (2518)-Jachym,A (1866) Gora Sw Anny 2011}) 8... Be7 9. Nh5 Kf8 10. Qb3 Na6 11. c5 Rb8 12. e4 dxe4 13. Bf4 $36 {[%mdl 2048] White is pushing.} Nc7 14. O-O-O b5 (14... Nf6 $14) 15. Bg2 $16 Rc8 16. Nxe4 Bxe4 17. Bxe4 Nd5 18. Be5 Ngf6 19. Nxf6 (19. Qf3 $5 {[%cal Rh5g7]}) 19... Bxf6 20. f4 Bxh4 21. Rdg1 Bf6 $1 22. g5 $1 {[%cal Rg5f6]} Bxe5 23. fxe5 g6 24. gxh6 {aiming for Qf3.} Ne7 $1 25. Qe3 {h7 is the strong threat.} Rh7 $1 26. Rh2 Rc7 27. Rd2 {Precision: White = 73%, Black = 50%.} 1/2-1/2

[Event "36th Zalakaros Festival 2017"]
[Site "Zalakaros"]
[Date "2017.05.23"]
[Round "6"]
[White "Praggnanandhaa R"]
[Black "Gupta, Abhijeet"]
[Result "0-1"]
[WhiteElo "2471"]
[BlackElo "2626"]
[Annotator "TA"]
[PlyCount "148"]
[EventDate "2017.??.??"]
[EventType "swiss"]
[EventCountry "HUN"]
[SourceTitle "playchess.com"]
[Source "ChessBase"]
[SourceQuality "1"]

{[%evp 11,148,3,29,5,16,-9,-17,-15,0,0,0,0,0,-31,-40,-25,-11,-35,0,0,0,-3,3,0,0,-27,0,0,0,0,47,-10,-6,-60,-59,-53,-41,-47,-32,-96,-95,-85,-10,-27,-36,-33,-22,-18,-20,-20,0,0,0,0,0,0,0,0,0,0,0,-5,-12,-6,-6,-6,-7,-13,0,-14,-14,-44,-23,-79,-82,-121,-120,-193,-172,-423,-408,-384,-229,-254,-144,-132,-47,-70,-43,-58,-57,-61,-44,-139,-6,-245,-158,-253,-108,-107,-125,-470,-456,-468,-466,-444,-371,-459,-450,-659,-627,-6235,-6235,-5297,-1043,-1033,-923,-849,0,-817,0,-5289,-1660,-5289,-5281,-6633,-6628,-5397,-1640,-1453,-1451,-1463,-1494,-29983,-29984,-29983,-29984,-29986,-29987]} 1. e4 c5 2. Nf3 d6 3. d4 cxd4 4. Nxd4 Nf6 5. Nc3 a6 6. Nb3 Nc6 7. Be2 {B56: Classical Sicilian: Unusual Lines} (7. Be3 e6 8. g4 h6 9. h4 b5 10. Bg2 Ne5 11. g5 Nfd7 12. f4 Nc4 13. Qe2 Nxb2 14. e5 Rb8 {1-0 (39) Vitiugov,N (2724)-Artemiev,V (2655) Moscow 2017}) 7... e6 8. g4 b5 9. a3 {The position is equal.} Bb7 10. g5 Nd7 11. Be3 $146 ({Predecessor:} 11. Rg1 Nb6 12. Be3 g6 13. Rg3 Bg7 14. Qd2 Na4 15. Nxa4 bxa4 {0-1 (37) Forsberg,V (2379)-Arman,D (2323) Uppsala 2016}) 11... Be7 12. Qd2 O-O 13. f4 Re8 14. h4 Na5 15. Nxa5 Qxa5 16. O-O Bf8 17. Bf3 Rac8 18. Bd4 Qc7 (18... Nb6 $5 {[%cal Rb6c4]}) 19. Qf2 Nc5 20. Rad1 Bc6 21. f5 ({Better is} 21. b4 $14 Nd7 22. Bg4) 21... exf5 $11 22. Bxc5 (22. exf5 $11 Ne4 23. Nxe4 Bxe4 24. f6) 22... dxc5 $15 23. exf5 c4 24. Bxc6 Qxc6 25. Qg2 (25. Qf3 $15) 25... Qc5+ $17 26. Kh1 Re5 (26... Rcd8 $1 $17 27. Nd5 Rd6) 27. Ne4 Qc6 28. Rd4 Qb6 29. c3 Rd8 30. Rfd1 Rxd4 31. Rxd4 Rxf5 32. Nf6+ $1 Rxf6 33. gxf6 Qxf6 $11 {[%mdl 4096] Endgame KQR-KQB} 34. Qg5 Qf1+ 35. Kh2 g6 36. Qg2 Qf5 37. Qe4 Qf2+ 38. Qg2 Qe3 {White should prevent ...Bc5.} 39. Qg5 Qe1 40. Qg3 Qe8 {Threatening ...Bg7.} 41. Qg5 h6 42. Qd2 (42. Qg2 $11 {keeps the balance.}) 42... Qe5+ $17 43. Kh3 Bc5 44. Rd8+ (44. Rd5 $17 {keeps fighting.} Qe6+ 45. Kg3) 44... Kg7 $19 {Hoping for ...h5.} 45. Qd5 $2 (45. Rd5 Qe6+ 46. Kg3) 45... Qe3+ 46. Kg2 {and the idea Qf3 leaves White hopeful.} Qf2+ (46... Qe2+ $142 47. Kh3 h5) 47. Kh3 {Black must now prevent Qe5+.} Qf1+ ({Black should try} 47... Qf6 $1 $19 {And now ...h5 would win.} 48. Ra8 h5 49. Qxc5 Qf3+ 50. Kh2 Qxa8 51. Qd4+ Kg8) 48. Qg2 $17 Qf5+ (48... Qf6 $17 49. Rd1 h5) 49. Qg4 $1 $15 {[%cal Rg4f5] Strongly threatening Qxf5.} Qf6 50. Rd5 {[#]} h5 $1 {[%mdl 512]} 51. Qe2 $1 (51. Rxh5 Qf1+) 51... Bd6 {aiming for ...Qf4.} (51... Bf2 $5 {[%cal Rf6h4]} 52. Qe5 Bxh4 $15) 52. Kg2 (52. Rd4 $1 $15) 52... Bf4 ({Black should play} 52... Qf4 $17 53. Qf3 Qh2+ 54. Kf1 Be7) 53. Kh3 $2 (53. Qe1 $11) 53... Qc6 $36 {[%mdl 2048] Black is in control.} 54. Qf3 {[#]} (54. Rd1 $17) 54... Qe6+ (54... Bc1 $1 $19 {is more deadly.} 55. a4 Bxb2 56. axb5 axb5) 55. Kg2 $17 {[#]} Bc1 $1 {[%cal Rc1b2]} 56. Rd8 $2 {[%mdl 8192]} (56. a4 $17 {is more resistant.}) 56... Bxb2 $19 57. Rd2 Bxa3 58. Re2 Qd7 59. Rf2 Bc5 60. Qf6+ (60. Ra2 $142) 60... Kg8 61. Ra2 Qg4+ 62. Kh2 Qg1+ (62... Bg1+ $142 63. Kh1 Be3) 63. Kh3 Qe3+ 64. Kh2 Qg1+ 65. Kh3 Qg4+ (65... b4 $142 66. Qf3 b3) 66. Kh2 Bg1+ 67. Kh1 Be3 {[%csl Ge3][%cal Rg4g1]} 68. Rg2 Qe4 69. Kh2 a5 (69... Bf4+ $142 70. Kh1 Qe1+ 71. Rg1 Qd2 72. Rxg6+ fxg6 73. Qxg6+ Kf8 74. Qf6+ Ke8 75. Qe6+ Kd8 76. Qb6+ Kd7 77. Qb7+ Bc7) 70. Kh3 a4 71. Qd8+ Kg7 72. Qd7 Qd3 {Black mates.} 73. Qxd3 cxd3 74. Ra2 Bc1 {Precision: White = 35%, Black = 48%.} 0-1

[Event "36th Zalakaros Festival 2017"]
[Site "Zalakaros"]
[Date "2017.05.23"]
[Round "6"]
[White "Jarmula, Lukasz"]
[Black "Krykun, Yuriy"]
[Result "1-0"]
[WhiteElo "2469"]
[BlackElo "2308"]
[Annotator "TA"]
[PlyCount "109"]
[EventDate "2017.??.??"]
[EventType "swiss"]
[EventCountry "HUN"]
[SourceTitle "playchess.com"]
[Source "ChessBase"]
[SourceQuality "1"]

{[%evp 13,109,17,18,18,36,25,18,22,37,1,36,0,67,55,64,58,81,64,86,85,85,74,83,77,74,79,87,82,74,72,93,93,113,83,102,100,101,94,346,197,187,195,217,217,229,216,228,224,255,246,296,287,294,289,277,284,296,288,277,298,285,286,287,285,278,274,283,253,326,324,314,312,329,328,341,339,370,355,361,351,388,382,387,381,366,366,387,386,365,347,431,697,688,678,610,570,1615,1497]} 1. Nf3 Nf6 2. c4 e6 3. g3 d5 4. Bg2 dxc4 5. Qa4+ c6 6. Qxc4 b5 7. Qc2 Bb7 8. a4 {A13: English Opening: 1...e6} (8. O-O Nbd7 9. d4 c5 10. Nc3 a6 11. Bg5 Rc8 12. Rad1 Qb6 13. Qd2 Be7 14. Ne5 Bxg2 15. Nxd7 Nxd7 16. Kxg2 cxd4 17. Bxe7 Kxe7 18. Qxd4 Qxd4 19. Rxd4 {½-½ (55) Mamedov,R (2688)-Ghaem Maghami,E (2574) Doha 2016}) 8... b4 9. O-O c5 10. d3 {The position is equal.} Nc6 11. Be3 $146 (11. a5 $5) ({Predecessor:} 11. Bg5 Rc8 12. Bxf6 Qxf6 13. Nbd2 Be7 14. Nb3 O-O 15. Rfc1 Nd4 16. Nfxd4 cxd4 {1-0 (53) Meins,G (2426)-Tillmann,M (2191) Bad Wiessee 2015}) 11... Rc8 12. Nbd2 (12. a5 $5) 12... Nd4 (12... Nd5 $11) 13. Bxd4 $1 $14 cxd4 14. Qd1 Bc5 15. Nb3 a5 16. Rc1 Bxf3 17. Bxf3 Bb6 18. Rxc8 Qxc8 19. Qd2 O-O 20. Rc1 $36 {[%mdl 2048] White is really pushing.} Qb8 21. Qc2 Qd6 22. Qc4 {Qb5 is the strong threat.} Rb8 23. Qb5 Qd8 24. Rc6 Ne8 25. Qe5 Rc8 $2 {[%mdl 8192] [#]} (25... h6 $16) 26. Rxc8 (26. Nxa5 $142 $1 {[%mdl 512]} Bc7 (26... Bxa5 27. Rxc8) 27. Qc5) 26... Qxc8 $18 27. Nxa5 {Hoping for Nc6.} Qc5 28. Qxc5 Bxc5 {[%mdl 4096] Endgame KBN-KBN} 29. Kf1 Nd6 30. Ke1 Bb6 31. Nc6 b3 32. a5 Bc5 33. Kd2 Nb5 34. e3 Kf8 35. Bd1 Ke8 36. Bxb3 {Strongly threatening Ba4.} Kd7 37. Ne5+ Ke7 38. Ba4 Na7 39. a6 f6 40. Nf3 e5 41. exd4 exd4 42. Kc2 Nc8 43. Kb3 Nd6 44. Bc6 Kd8 45. Ka4 Kc7 46. b4 {[%cal Bb2b4,Bb4b5][%mdl 32]} Bb6 47. b5 Nf7 48. Nd2 Ne5 49. Be4 g6 50. f4 Ng4 51. f5 Nxh2 52. fxg6 {White is clearly winning.} hxg6 53. Bxg6 Ng4 54. Ne4 Ne5 55. Nxf6 {Precision: White = 85%, Black = 37%.} 1-0

[Event "36th Zalakaros Festival 2017"]
[Site "Zalakaros"]
[Date "2017.05.23"]
[Round "6"]
[White "Bagi, Mate"]
[Black "Gara, Anita"]
[Result "1-0"]
[WhiteElo "2455"]
[BlackElo "2373"]
[Annotator "TA"]
[PlyCount "105"]
[EventDate "2017.??.??"]
[EventType "swiss"]
[EventCountry "HUN"]
[SourceTitle "playchess.com"]
[Source "ChessBase"]
[SourceQuality "1"]

{[%evp 9,105,-16,0,0,81,78,75,78,70,72,112,110,111,98,158,147,151,152,139,122,184,173,155,87,164,120,218,204,246,245,246,225,370,370,522,393,601,492,496,502,501,458,467,455,468,464,466,460,460,453,499,454,609,602,606,606,585,601,592,597,591,577,587,508,630,603,914,918,922,909,1187,1064,1679,1498,1389,1333,1317,1225,12801,5442,12838,12839,12839,12839,12839,0,5431,3932,29984,12843,29981,29982,29981,12844,29990,29991,29991,29992]} 1. d4 d5 2. Nc3 Nf6 3. Bf4 e6 4. Nb5 Na6 5. a3 Ne4 (5... Be7 6. e3 O-O 7. Nf3 Ne4 8. Nd2 f5 9. Nxe4 fxe4 10. Be2 c6 11. Nc3 Nc7 {1-0 (54) Jobava,B (2702)-Wei,Y (2707) Doha 2016}) 6. f3 {D00: 1 d4 d5: Unusual lines} c6 $146 (6... Nf6 $11 {keeps the balance.}) ({Predecessor:} 6... Nd6 7. e3 Bd7 8. Nc3 c5 9. e4 Qb6 10. dxc5 Qxb2 11. Nge2 Nxc5 12. exd5 {0-1 (50) Marek,M (2381)-Michalik,P (2554) Czech Republic 2016}) 7. fxe4 $16 {[#] Nc3 is the strong threat.} cxb5 8. e5 {White is better.} b4 9. axb4 Nxb4 10. c3 Nc6 11. e3 Be7 (11... Ne7 $142) 12. Bd3 Qb6 13. Qe2 Bd7 14. Nf3 a6 (14... Na5 $16 {was necessary.}) 15. O-O $18 h6 16. Bg3 ({White should play} 16. e4) 16... Na7 (16... Na5 $16) 17. e4 dxe4 (17... Bb5 $16 {was worth a try.}) 18. Bxe4 Rc8 19. Bd3 Qb3 20. Rac1 b5 (20... Nc6 $142 21. Rb1 Qd5) 21. Ra1 Rc6 (21... Qd5 $142 22. Rxa6 Qb7) 22. Bf2 Nc8 (22... Rc7 $142 23. Rxa6 Bc8) 23. Rfb1 f5 24. exf6 gxf6 25. Nd2 Qd5 26. Bg6+ Kf8 27. Be4 Qg5 28. Nf3 Qg4 29. h3 Qg7 30. Nh4 Rg8 31. Bxc6 Bxc6 32. Qxe6 Bxg2 33. Qxc8+ Kf7 {( -> ...Bxh3+)} 34. Qxg8+ Qxg8 35. Nxg2 Qc8 36. Kh2 Qf5 37. Bg3 b4 38. cxb4 Bxb4 39. Rd1 a5 40. d5 Ke7 41. d6+ Kd7 42. Rac1 Bc5 43. Rd2 h5 44. Rdc2 Bb6 {[#]} 45. Rc7+ $1 Kd8 (45... Bxc7 46. dxc7) 46. Rb7 {Intending Rb8+ and mate.} Bc5 47. Rc7 Bb6 48. Rg7 Bc5 49. d7 (49. Ne3 $142 Bxe3 50. Rg8+ Kd7 51. Rc7+ Ke6 52. Re8+ Kd5 53. d7 Bg1+ 54. Kxg1 Qxd7 55. Rxd7+ Kc4 56. Rc8+ Kb3 57. Rc3+ Ka2 58. Rd2) 49... h4 50. Nxh4 Qd5 51. Re1 (51. Ng2 $142 a4 52. Re1 Qxd7 53. Rg8+ Qe8 54. Rexe8+ Kd7 55. Ra8 a3 56. Rg7+ Kc6 57. Rc7+ Kb5 58. bxa3) 51... Bg1+ 52. Kxg1 {[%csl Gd7][%cal Re1e8]} Qd4+ 53. Bf2 {Precision: White = 90%, Black = 40%.} 1-0